Orange is the New Black Quiz - Statistics

General Stats
  • This quiz has been taken 468 times
  • The average score is 8 of 17
Answer Stats
Questions Answer % Correct
What prisoner was granted furlough? Piper
90%
What did poussey make secretly? Hooch
77%
What face tattoo does Flacca have? Tear drop
77%
Who sung when Crazy Eyes got stage fright? Norma
75%
What is the prison called Litchfield Penitentiary
67%
How did vee die? Rosa hit her with the prison van
66%
What was maritza made to eat by the prison guard? Baby Mouse
53%
What does Pensatucky attack piper with at the end of Season 1? A sharpened crucifix
48%
Who was the longest to keep up the hunger strike? Sister Ingalls
44%
Why was she granted furlough? To visit her grandmother
44%
What is Piper's brother called? Cal
43%
Why did Norma go to jail? Murder
43%
What tattoo did piper get at the end of season 3? "Trust no bitch"
40%
Which prisoner strangled Fischer? Miss Claudette
25%
Who had this prisoner recently had romantic relationships with? Jean Baptiste
7%
Who was crushed by bookshelves? Brooke Soso
4%
What lead actress originally auditioned for Piper? Laura Pepron
1%
No matching quizzes found
Score Distribution
Percent of People with Each Score
Percentile by Number Answered
Your Score History
You have not taken this quiz